| 000 | 00932cam a22002534a 4500 | ||
|---|---|---|---|
| 001 | 11833110 | ||
| 005 | 20180222035349.0 | ||
| 008 | 991103s2000 meua b 000 0 eng | ||
| 010 | _a 99057373 | ||
| 020 | _a1571103104 (alk. paper) | ||
| 040 |
_aDLC _cDLC _dDLC |
||
| 041 | _aeng | ||
| 042 | _apcc | ||
| 080 | _a372.47 har | ||
| 082 | 0 | 0 |
_a372.47 har _221 |
| 100 | 1 | _a48 | |
| 101 | _aedu | ||
| 245 | 1 | 0 |
_aStrategies that work : _cStephanie Harvey, Anne Goudvis ; foreword by Donald Graves. |
| 246 | 3 | 0 | _aTeaching comprehension to enhance understanding |
| 504 | _aIncludes bibliographical references (p. 297-314). | ||
| 906 |
_a7 _bcbc _corignew _d1 _eocip _f19 _gy-gencatlg |
||
| 942 |
_2ddc _cBK |
||
| 999 |
_c43126 _d43126 |
||